Bào tử vi khuẩn

Uloženo v:
Podrobná bibliografie
Hlavní autor: Đặng Thị Lang
Médium: Kniha
Jazyk:Undetermined
Vydáno: Cần Thơ Viện Đại Học Cần Thơ - Đại Học Khoa Học - Ban Vạn Vật Học 1974
Témata:
Tagy: Přidat tag
Žádné tagy, Buďte první, kdo otaguje tento záznam!
Thư viện lưu trữ: Trung tâm Học liệu Trường Đại học Cần Thơ
LEADER 00581nam a2200181Ia 4500
001 CTU_33730
008 210402s9999 xx 000 0 und d
082 |a 579.3 
082 |b L106 
100 |a Đặng Thị Lang 
245 0 |a Bào tử vi khuẩn 
245 0 |c Đặng Thị Lang 
260 |a Cần Thơ 
260 |b Viện Đại Học Cần Thơ - Đại Học Khoa Học - Ban Vạn Vật Học 
260 |c 1974 
650 |a bacteriology,cell physiology,cytology 
904 |i Minh, 991108 
980 |a Trung tâm Học liệu Trường Đại học Cần Thơ